header

Father and son (Record no. 40034)

MARC details
000 -LEADER
fixed length control field 01513nam a2200361 a 4500
082 04 - DEWEY DECIMAL CLASSIFICATION NUMBER
Classification number 823/.91409
100 1# - MAIN ENTRY--AUTHOR NAME
Personal name Keulks, Gavin.
245 10 - TITLE STATEMENT
Title Father and son
260 ## - PUBLICATION, DISTRIBUTION, ETC. (IMPRINT)
Place of publication Madison :
Name of publisher University of Wisconsin Press,
Year of publication c2003.
300 ## - PHYSICAL DESCRIPTION
Number of Pages viii, 328 p.
650 #0 - SUBJECT ADDED ENTRY--TOPICAL TERM
Topical Term English fiction
Topical Term Fathers and sons
856 40 - ELECTRONIC LOCATION AND ACCESS
Uniform Resource Identifier http://site.ebrary.com/lib/rucke/Doc?id=10223896

No items available.

© 2026 Rongo University
Contact us: librarian | system librarian | Rongo university